| 000 | 00330cam a22001217a 4500 | ||
|---|---|---|---|
| 008 | 180718b1991 xxu||||| |||| 00| 0 eng d | ||
| 020 | _a81 85031 52 5 | ||
| 100 | _aPurohit, S.S. | ||
| 245 |
_aSuksmjiwan Vigyan _cby S.S.Purohit |
||
| 260 |
_aIndia _bAgrro Betenical Publisher _c1991 |
||
| 300 | _a318p. | ||
| 650 | _aSuksmjiwan Vigyan | ||
| 999 |
_c439282 _d439282 |
||